000 00886nam a2200217 a 4500
001 BRCA_6375
005 20190320205430.0
008 290811s1904----nyu#######---#000-0#spa-#
041 _aspa
044 _anyu
050 4 _aPQ6279
_c.B3 A65 1904
100 1 _aBarahona de Soto, Luis
_d1548?-1595
_915963
245 1 0 _aPrimera parte de la Angelica
_cde Lvys Barahona de Soto ... Con aduertimientos a los fines de los cantos y breues Summarios a los principios, por el Presentado fray Pedro Verdugo de Sarria.
260 _aNueva York
_bDe Vinne press
_c1904
300 _a251 h.
_c21 cm.
500 _aReproducción facsímilar del original (Granada,1586)
500 _aThis edition of two hundred was printed in facsimile for Archer M. Huntington, from the copy in his library, at the De Vinne Press, nineteen hundred and four.
500 _aK174
902 _aGFM
942 _2lcc
_cB
999 _c6061
_d6061